[Event "HUN-chT2 Toth 1516"]
[Site "Hungary"]
[Date "2016.03.20"]
[Round "9.2"]
[White "Kecskemeti, Arpad"]
[Black "Csomos, Roland"]
[Result "1/2-1/2"]
[WhiteElo "2183"]
[BlackElo "2191"]
[PlyCount "38"]
[EventDate "2015.09.13"]
[EventType "team-tourn"]
[EventRounds "11"]
[EventCountry "HUN"]
[SourceTitle "EXT 2017"]
[Source "ChessBase"]
[SourceDate "2016.10.25"]
[SourceVersion "1"]
[SourceVersionDate "2016.10.25"]
[SourceQuality "1"]
[WhiteTeam "Mako SVSE II"]
[BlackTeam "Gyula"]
[WhiteTeamCountry "HUN"]
[BlackTeamCountry "HUN"]

1. e4 c6 2. d4 d5 3. e5 Bf5 4. h4 h5 5. Bd3 Bxd3 6. Qxd3 e6 7. c4 dxc4 8. Qxc4 Qd5 9. Qxd5 cxd5 10. Ne2 Nc6 11. Be3 Nge7 12. Nbc3 Nf5 13. 0-0-0 Be7 14. Bg5 Rc8 15. Kb1 a6 16. Bxe7 Kxe7 17. g3 b5 18. Rd2 Rc7 19. Rc1 Kd7 1/2-1/2

[Event "HUN-chT2 Toth 1415"]
[Site "Hungary"]
[Date "2015.02.08"]
[Round "8.2"]
[White "Csomos, Roland"]
[Black "Retkes, Peter"]
[Result "1-0"]
[WhiteElo "2192"]
[BlackElo "1946"]
[PlyCount "65"]
[EventDate "2014.09.07"]
[EventType "team-tourn"]
[EventRounds "11"]
[EventCountry "HUN"]
[SourceTitle "EXT 2016"]
[Source "ChessBase"]
[SourceDate "2015.10.08"]
[SourceVersion "1"]
[SourceVersionDate "2015.10.08"]
[SourceQuality "1"]
[WhiteTeam "Gyula"]
[BlackTeam "Roszke"]
[WhiteTeamCountry "HUN"]
[BlackTeamCountry "HUN"]

1. d4 Nf6 2. c4 c5 3. d5 e6 4. Nc3 exd5 5. cxd5 d6 6. e4 g6 7. Nf3 Bg7 8. Be2 0-0 9. 0-0 Na6 10. h3 Re8 11. Nd2 Nc7 12. Qc2 Qe7 13. Re1 Nd7 14. a4 g5 15. Nc4 Ne5 16. Bd2 g4 17. Nxe5 Bxe5 18. Bxg4 Bxg4 19. hxg4 Qh4 20. Qd3 Qxg4 21. Qf3 Qxf3 22. gxf3 Reb8 23. f4 Bd4 24. Kg2 Re8 25. f5 f6 26. Kf3 Re7 27. Rg1+ Rg7 28. Bh6 Ne8 29. Bxg7 Nxg7 30. Nb5 Be5 31. Nc7 Rd8 32. Ne6 Rd7 33. Rg2 1-0

[Event "HUN-chT2 Toth 1314"]
[Site "Hungary"]
[Date "2014.03.02"]
[Round "8.1"]
[White "Keresztes, Mark"]
[Black "Csomos, Roland"]
[Result "0-1"]
[WhiteElo "2115"]
[BlackElo "2204"]
[PlyCount "66"]
[EventDate "2013.09.08"]
[EventType "team-tourn"]
[EventRounds "11"]
[EventCountry "HUN"]
[SourceTitle "EXT 2016"]
[Source "ChessBase"]
[SourceDate "2015.10.08"]
[SourceVersion "1"]
[SourceVersionDate "2015.10.08"]
[SourceQuality "1"]
[WhiteTeam "Toth Laszlo II"]
[BlackTeam "Gyula"]
[WhiteTeamCountry "HUN"]
[BlackTeamCountry "HUN"]

1. c4 e5 2. Nc3 Nf6 3. g3 g6 4. Bg2 Bg7 5. e4 Nc6 6. Nge2 d6 7. d3 Be6 8. 0-0 Qd7 9. Rb1 Bh3 10. Bg5 Bxg2 11. Kxg2 0-0 12. Qd2 Nh5 13. f3 f5 14. Nd5 Rae8 15. h3 Nf6 16. b4 Nd8 17. Be3 b6 18. Nxf6+ Rxf6 19. Bg5 Rf7 20. Qc2 Ne6 21. Bd2 Ref8 22. exf5 Rxf5 23. g4 R5f7 24. Rb3 Qc6 25. d4 exd4 26. Qd3 Be5 27. h4 a5 28. a3 d5 29. cxd5 Qxd5 30. Rbb1 axb4 31. axb4 c5 32. bxc5 bxc5 33. Rbc1 Rb8 0-1

[Event "HUN-chT2 Toth 1314"]
[Site "Hungary"]
[Date "2014.02.16"]
[Round "7.1"]
[White "Csomos, Roland"]
[Black "Papp Zoltan, Csaba"]
[Result "0-1"]
[WhiteElo "2204"]
[BlackElo "2271"]
[PlyCount "40"]
[EventDate "2013.09.08"]
[EventType "team-tourn"]
[EventRounds "11"]
[EventCountry "HUN"]
[SourceTitle "EXT 2016"]
[Source "ChessBase"]
[SourceDate "2015.10.08"]
[SourceVersion "1"]
[SourceVersionDate "2015.10.08"]
[SourceQuality "1"]
[WhiteTeam "Gyula"]
[BlackTeam "Roszke"]
[WhiteTeamCountry "HUN"]
[BlackTeamCountry "HUN"]

1. d4 c5 2. e3 d5 3. Nf3 Nf6 4. Bb5+ Bd7 5. Bxd7+ Nbxd7 6. 0-0 e6 7. b3 cxd4 8. exd4 Bd6 9. Bb2 h6 10. Nbd2 Ne4 11. Nxe4 dxe4 12. Ne5 h5 13. Qe2 f5 14. Qb5 Bxe5 15. dxe5 Qc7 16. Rfd1 a6 17. Qa4 0-0-0 18. Rd6 Nxe5 19. Rxe6 Qxc2 20. Bd4 Nc6 0-1

[Event "HUN-chT2 Toth 1213"]
[Site "Hungary"]
[Date "2013.03.24"]
[Round "9.2"]
[White "Csomos, Roland"]
[Black "Petro, Jozsef"]
[Result "1-0"]
[WhiteElo "2224"]
[BlackElo "2109"]
[PlyCount "85"]
[EventDate "2012.09.16"]
[EventType "team-tourn"]
[EventRounds "11"]
[EventCountry "HUN"]
[SourceTitle "EXT 2014"]
[Source "ChessBase"]
[SourceDate "2013.11.20"]
[SourceVersion "1"]
[SourceVersionDate "2013.11.20"]
[SourceQuality "1"]
[WhiteTeam "Gyula"]
[BlackTeam "Bekes"]
[WhiteTeamCountry "HUN"]
[BlackTeamCountry "HUN"]

1. d4 g6 2. e4 c6 3. c4 d5 4. cxd5 cxd5 5. e5 h5 6. Nc3 Nc6 7. Be3 Bf5 8. Qb3 e6 9. Qxb7 Nge7 10. Bb5 Qc8 11. Qxc8+ Rxc8 12. Nge2 Rb8 13. Bg5 Rb6 14. Rc1 Bh6 15. Bxh6 Rxh6 16. b3 a6 17. Bxc6+ Rxc6 18. Kd2 g5 19. Na4 f6 20. exf6 Rxf6 21. f3 g4 22. Rxc6 Nxc6 23. Rc1 e5 24. dxe5 Nxe5 25. Nd4 Nd7 26. Nc5 gxf3 27. gxf3 Bh3 28. Re1+ Kd8 29. Nxd7 Kxd7 30. Re5 Kd6 31. Rxh5 Bd7 32. h4 Kc5 33. Kc3 a5 34. a3 Kd6 35. Rg5 Rf4 36. h5 Rh4 37. b4 axb4+ 38. axb4 Rh1 39. f4 Rh3+ 40. Kd2 Rh2+ 41. Ke3 Rh3+ 42. Kf2 Rd3 43. Nf3 1-0

[Event "HUN-chT2 Toth 1213"]
[Site "Hungary"]
[Date "2012.11.18"]
[Round "4.2"]
[White "Csomos, Roland"]
[Black "Borsos, Andor"]
[Result "0-1"]
[WhiteElo "2224"]
[BlackElo "2141"]
[PlyCount "120"]
[EventDate "2012.09.16"]
[EventType "team-tourn"]
[EventRounds "11"]
[EventCountry "HUN"]
[SourceTitle "EXT 2014"]
[Source "ChessBase"]
[SourceDate "2013.11.20"]
[SourceVersion "1"]
[SourceVersionDate "2013.11.20"]
[SourceQuality "1"]
[WhiteTeam "Gyula"]
[BlackTeam "Roszke II"]
[WhiteTeamCountry "HUN"]
[BlackTeamCountry "HUN"]

1. d4 f5 2. Nf3 Nf6 3. g3 g6 4. Bg2 Bg7 5. 0-0 0-0 6. b3 d6 7. Bb2 c6 8. c4 Na6 9. a3 Ne4 10. Nbd2 Nc7 11. Qc2 Nxd2 12. Qxd2 Ne8 13. Rfd1 Nf6 14. Rac1 Qc7 15. Qc2 Bd7 16. b4 a5 17. Qb3 axb4 18. axb4 c5 19. dxc5 dxc5 20. Be5 Qc8 21. b5 h6 22. Ra1 Rxa1 23. Bxa1 Be6 24. Ne5 Kh7 25. Qd3 Qc7 26. f4 Ra8 27. h3 Ne8 28. Bd5 Rd8 29. g4 Nf6 30. Qc2 Nxd5 31. cxd5 Bc8 32. e4 fxg4 33. hxg4 Rf8 34. Nxg6 Rxf4 35. Nxf4 Qxf4 36. Bxg7 Qxg4+ 37. Kf1 Qf3+ 38. Ke1 Kxg7 39. Kd2 Bg4 40. Rc1 Qe2+ 41. Kc3 Qxb5 42. Rb1 Qa5+ 43. Kd3 Qa6+ 44. Ke3 h5 45. Qc3+ Kf7 46. Rb2 Qh6+ 47. Kd3 b6 48. Rf2+ Ke8 49. Qe5 Kd8 50. Qb8+ Bc8 51. Rb2 Qc1 52. Qxb6+ Ke8 53. Qc6+ Kd8 54. Qb6+ Ke8 55. Rc2 Qd1+ 56. Kc3 Qd4+ 57. Kb3 Qd3+ 58. Ka2 Qxc2+ 59. Ka3 Qc3+ 60. Ka2 Qc4+ 0-1

[Event "HUN-chT2 Toth 1213"]
[Site "Hungary"]
[Date "2012.09.16"]
[Round "1.2"]
[White "Kovacs, Zoltan"]
[Black "Csomos, Roland"]
[Result "1/2-1/2"]
[WhiteElo "2018"]
[BlackElo "2224"]
[PlyCount "22"]
[EventDate "2012.09.16"]
[EventType "team-tourn"]
[EventRounds "11"]
[EventCountry "HUN"]
[SourceTitle "EXT 2014"]
[Source "ChessBase"]
[SourceDate "2013.11.20"]
[SourceVersion "1"]
[SourceVersionDate "2013.11.20"]
[SourceQuality "1"]
[WhiteTeam "Felegyhaza Csongrad"]
[BlackTeam "Gyula"]
[WhiteTeamCountry "HUN"]
[BlackTeamCountry "HUN"]

1. d4 d5 2. Bf4 c6 3. c3 Nf6 4. e3 Bf5 5. Bd3 Bxd3 6. Qxd3 e6 7. Nd2 Bd6 8. Bxd6 Qxd6 9. Ngf3 Nbd7 10. e4 dxe4 11. Nxe4 Nxe4 1/2-1/2

[Event "HUN-chT2 Toth 1112"]
[Site "Hungary"]
[Date "2012.04.22"]
[Round "9.2"]
[White "Horvath, Jozsef"]
[Black "Csomos, Roland"]
[Result "1/2-1/2"]
[WhiteElo "2160"]
[BlackElo "2210"]
[PlyCount "108"]
[EventDate "2011.09.25"]
[EventType "team-tourn"]
[EventRounds "11"]
[EventCountry "HUN"]
[SourceTitle "EXT 2013"]
[Source "ChessBase"]
[SourceDate "2012.11.22"]
[SourceVersion "1"]
[SourceVersionDate "2012.11.22"]
[SourceQuality "1"]
[WhiteTeam "Takisz"]
[BlackTeam "Gyula"]
[WhiteTeamCountry "HUN"]
[BlackTeamCountry "HUN"]

1. c4 Nf6 2. g3 c6 3. Bg2 d5 4. cxd5 cxd5 5. Nf3 Nc6 6. 0-0 Bf5 7. d3 h6 8. Qb3 Qd7 9. Bf4 g5 10. Ne5 Qc8 11. Nxc6 gxf4 12. Nd4 Bh3 13. Bxh3 Qxh3 14. Qxb7 Rd8 15. Qc6+ Qd7 16. Qxd7+ Kxd7 17. gxf4 Nh5 18. e3 Bg7 19. f5 Bxd4 20. exd4 Rhg8+ 21. Kh1 Rg4 22. Nc3 Rxd4 23. Rad1 Nf4 24. Rd2 Rg8 25. Rfd1 Nh3 26. f3 Rg5 27. Rf1 Nf4 28. Rfd1 Rxf5 29. a3 a6 30. b4 Re5 31. Na4 Ne6 32. Rc2 Re3 33. Nb6+ Kd6 34. Nc8+ Ke5 35. Nxe7 Rdxd3 36. Rxd3 Rxd3 37. Kg2 Rxa3 38. Re2+ Kd6 39. Nf5+ Kc6 40. Ne7+ Kb5 41. Nxd5 Rd3 42. Re5 Kc4 43. Nc7 Nxc7 44. Rc5+ Kxb4 45. Rxc7 a5 46. Rxf7 a4 47. Rb7+ Kc4 48. Ra7 a3 49. f4 Kb3 50. f5 Rd6 51. Rb7+ Kc3 52. Rc7+ Kb2 53. Rb7+ Kc3 54. Rc7+ Kb2 1/2-1/2

[Event "HUN-chT2 Toth 1011"]
[Site "Hungary"]
[Date "2011.05.01"]
[Round "10.2"]
[White "Csomos, Roland"]
[Black "Kerekes, Attila"]
[Result "1-0"]
[WhiteElo "2196"]
[BlackElo "2136"]
[PlyCount "69"]
[EventDate "2010.09.12"]
[EventType "team-tourn"]
[EventRounds "11"]
[EventCountry "HUN"]
[SourceTitle "EXT 2012"]
[Source "ChessBase"]
[SourceDate "2011.11.24"]
[SourceVersion "1"]
[SourceVersionDate "2011.11.24"]
[SourceQuality "1"]
[WhiteTeam "Gyula"]
[BlackTeam "Bekes"]
[WhiteTeamCountry "HUN"]
[BlackTeamCountry "HUN"]

1. d4 c5 2. e3 Nf6 3. Nf3 e6 4. c4 d5 5. Nc3 Nc6 6. cxd5 exd5 7. Bd3 Be7 8. 0-0 0-0 9. a3 Bg4 10. dxc5 Bxc5 11. b4 Bd6 12. Bb2 Ne5 13. Be2 Nc4 14. Bxc4 dxc4 15. Qd4 Bxf3 16. gxf3 Rc8 17. Rad1 Bb8 18. Qh4 Qb6 19. Kh1 Qc6 20. e4 Rfd8 21. Rg1 Rxd1 22. Nxd1 Kh8 23. Qg5 Rg8 24. Ne3 c3 25. Bc1 Qd6 26. Rg2 c2 27. Qf5 Qf4 28. Bb2 Rd8 29. Qxf4 Bxf4 30. Nxc2 Rd2 31. Bxf6 gxf6 32. Ne3 Ra2 33. Nd5 Be5 34. f4 Bb2 35. h4 1-0

[Event "HUN-chT2 Toth 1011"]
[Site "Hungary"]
[Date "2011.04.10"]
[Round "8.3"]
[White "Vicsai, Gabor"]
[Black "Csomos, Roland"]
[Result "0-1"]
[WhiteElo "2230"]
[BlackElo "2196"]
[PlyCount "82"]
[EventDate "2010.09.12"]
[EventType "team-tourn"]
[EventRounds "11"]
[EventCountry "HUN"]
[SourceTitle "EXT 2012"]
[Source "ChessBase"]
[SourceDate "2011.11.24"]
[SourceVersion "1"]
[SourceVersionDate "2011.11.24"]
[SourceQuality "1"]
[WhiteTeam "Mako"]
[BlackTeam "Gyula"]
[WhiteTeamCountry "HUN"]
[BlackTeamCountry "HUN"]

1. d4 d5 2. c4 c6 3. Nc3 Nf6 4. Nf3 e6 5. cxd5 exd5 6. Bg5 Bf5 7. Qb3 Qb6 8. Qxb6 axb6 9. Bxf6 gxf6 10. Nh4 Be6 11. e3 Bb4 12. Bd3 Bxc3+ 13. bxc3 b5 14. Kd2 Nd7 15. f4 Nb6 16. f5 Bd7 17. e4 dxe4 18. Rhe1 0-0 19. Rxe4 Ra3 20. g4 Rfa8 21. Nf3 Rxa2+ 22. Rxa2 Rxa2+ 23. Ke1 Kf8 24. Nd2 Nd5 25. c4 Nc3 26. Re3 Ra1+ 27. Kf2 Nd1+ 28. Ke2 Nxe3 29. Kxe3 bxc4 30. Bxc4 b5 31. Bd3 Rh1 32. Nf1 c5 33. dxc5 Bc6 34. Kf2 b4 35. Bc4 Ke7 36. Bb3 Bb5 37. Ng3 Rxh2+ 38. Ke3 Bc6 39. Bd1 Bd5 40. Kd3 Rh3 41. Kd4 Rxg3 0-1

[Event "HUN-chT2 Maroczy 0910"]
[Site "Hungary"]
[Date "2010.04.18"]
[Round "10"]
[White "Csomos, Roland"]
[Black "Kopasz, Robert"]
[Result "1/2-1/2"]
[WhiteElo "2200"]
[BlackElo "2277"]
[PlyCount "62"]
[EventDate "2009.11.08"]
[EventType "team-tourn"]
[EventRounds "11"]
[EventCountry "HUN"]
[SourceTitle "EXT 2011"]
[Source "ChessBase"]
[SourceDate "2010.11.26"]
[SourceVersion "1"]
[SourceVersionDate "2010.11.26"]
[SourceQuality "1"]
[WhiteTeam "Gyula"]
[BlackTeam "Maroczy"]
[WhiteTeamCountry "HUN"]
[BlackTeamCountry "HUN"]

1. d4 d5 2. c4 dxc4 3. e3 Nf6 4. Bxc4 e6 5. Nf3 a6 6. a4 c5 7. 0-0 Nc6 8. Nc3 Be7 9. dxc5 Qxd1 10. Rxd1 Bxc5 11. h3 b6 12. e4 Bb7 13. Re1 Nd4 14. Nxd4 Bxd4 15. Be3 Bxc3 16. bxc3 Nxe4 17. Bxb6 Rc8 18. Bxa6 Bxa6 19. Rxe4 Rxc3 20. Bd4 Rc4 21. Bxg7 Rxe4 22. Bxh8 Ke7 23. Bc3 Rc4 24. Be1 e5 25. a5 f6 26. Rb1 Rc6 27. f3 Ke6 28. Rb6 Rxb6 29. axb6 f5 30. Bh4 f4 31. Kf2 Kf5 1/2-1/2

[Event "HUN-chT2 Maroczy 0910"]
[Site "Hungary"]
[Date "2010.02.27"]
[Round "5"]
[White "Gara, Gyorgy"]
[Black "Csomos, Roland"]
[Result "1/2-1/2"]
[WhiteElo "2114"]
[BlackElo "2200"]
[PlyCount "61"]
[EventDate "2009.11.08"]
[EventType "team-tourn"]
[EventRounds "11"]
[EventCountry "HUN"]
[SourceTitle "EXT 2011"]
[Source "ChessBase"]
[SourceDate "2010.11.26"]
[SourceVersion "1"]
[SourceVersionDate "2010.11.26"]
[SourceQuality "1"]
[WhiteTeam "Matra"]
[BlackTeam "Gyula"]
[WhiteTeamCountry "HUN"]
[BlackTeamCountry "HUN"]

1. d4 d5 2. Nf3 c6 3. c3 Bf5 4. Qb3 Qb6 5. Bf4 Nd7 6. Nbd2 Qxb3 7. axb3 h6 8. e3 e6 9. h3 Ngf6 10. Ne5 Nxe5 11. Bxe5 Ne4 12. Nxe4 Bxe4 13. b4 f6 14. Bh2 Kd7 15. f3 Bg6 16. Kd2 Bd6 17. Bxd6 Kxd6 18. Bd3 Bxd3 19. Kxd3 Rhe8 20. Rhe1 e5 21. dxe5+ Rxe5 22. e4 a6 23. exd5 Rxd5+ 24. Kc2 Rd8 25. Rad1 Kc7 26. Rxd5 Rxd5 27. Re7+ Rd7 28. Re1 Rd5 29. Re7+ Rd7 30. Re1 Rd5 31. Re7+ 1/2-1/2

[Event "HUN-chT2 Maroczy 0910"]
[Site "Hungary"]
[Date "2009.11.08"]
[Round "1"]
[White "Kakuk, Sandor"]
[Black "Csomos, Roland"]
[Result "1/2-1/2"]
[WhiteElo "2248"]
[BlackElo "2200"]
[PlyCount "62"]
[EventDate "2009.11.08"]
[EventType "team-tourn"]
[EventRounds "11"]
[EventCountry "HUN"]
[SourceTitle "EXT 2011"]
[Source "ChessBase"]
[SourceDate "2010.11.26"]
[SourceVersion "1"]
[SourceVersionDate "2010.11.26"]
[SourceQuality "1"]
[WhiteTeam "Oroshaza"]
[BlackTeam "Gyula"]
[WhiteTeamCountry "HUN"]
[BlackTeamCountry "HUN"]

1. d4 d5 2. Nc3 c6 3. e4 dxe4 4. Nxe4 Nf6 5. Nxf6+ exf6 6. Nf3 Bd6 7. Bd3 Bg4 8. 0-0 0-0 9. h3 Bh5 10. Re1 Nd7 11. Be3 Qc7 12. c3 Bg6 13. Bxg6 fxg6 14. Qd3 Rae8 15. Rad1 Kh8 16. Bc1 Qa5 17. Qc4 Qd5 18. Qxd5 cxd5 19. Kf1 Kg8 20. Rxe8 Rxe8 21. Re1 Rxe1+ 22. Kxe1 Kf7 23. Ke2 Ke6 24. Kd3 b5 25. b3 Nb6 26. Bd2 a6 27. Bc1 g5 28. Bd2 h5 29. Ne1 Kf5 30. Nc2 Ke6 31. Ne3 Bf4 1/2-1/2

[Event "HUN-chT2 Maroczy 0809"]
[Site "Hungary"]
[Date "2009.03.08"]
[Round "9"]
[White "Glatt, Gabor"]
[Black "Csomos, Roland"]
[Result "1-0"]
[WhiteElo "2258"]
[BlackElo "2214"]
[PlyCount "53"]
[EventDate "2008.10.26"]
[EventType "tourn"]
[EventRounds "11"]
[EventCountry "HUN"]
[SourceTitle "EXT 2010"]
[Source "ChessBase"]
[SourceDate "2010.11.25"]
[SourceVersion "1"]
[SourceVersionDate "2010.11.25"]
[SourceQuality "1"]
[WhiteTeam "MLTC II"]
[BlackTeam "Gyula"]
[WhiteTeamCountry "HUN"]
[BlackTeamCountry "HUN"]

1. e4 d5 2. exd5 Qxd5 3. Nc3 Qa5 4. Bc4 Nf6 5. d4 c6 6. Nf3 Bg4 7. h3 Bxf3 8. Qxf3 e6 9. Bd2 Qc7 10. 0-0-0 Nbd7 11. Rhe1 0-0-0 12. Bb3 Bd6 13. Kb1 h6 14. Ne2 Kb8 15. c4 c5 16. Be3 e5 17. dxe5 Nxe5 18. Qf5 Qc8 19. Ng3 Qxf5+ 20. Nxf5 Bc7 21. Nxg7 Nd3 22. Rf1 b6 23. Nf5 h5 24. Bg5 Be5 25. f4 Bxb2 26. Bc2 Ne4 27. Bxd3 1-0

[Event "HUN-chT2 Maroczy 0809"]
[Site "Hungary"]
[Date "2009.02.08"]
[Round "7"]
[White "Ballai, Zsolt"]
[Black "Csomos, Roland"]
[Result "1/2-1/2"]
[WhiteElo "2313"]
[BlackElo "2214"]
[PlyCount "36"]
[EventDate "2008.10.26"]
[EventType "tourn"]
[EventRounds "11"]
[EventCountry "HUN"]
[SourceTitle "EXT 2010"]
[Source "ChessBase"]
[SourceDate "2010.11.25"]
[SourceVersion "1"]
[SourceVersionDate "2010.11.25"]
[SourceQuality "1"]
[WhiteTeam "Hajduboszormeny"]
[BlackTeam "Gyula"]
[WhiteTeamCountry "HUN"]
[BlackTeamCountry "HUN"]

1. d4 d5 2. c4 c6 3. Nc3 Nf6 4. Nf3 e6 5. cxd5 exd5 6. Bg5 Be7 7. Qc2 h6 8. Bxf6 Bxf6 9. e3 Be6 10. Bd3 Nd7 11. 0-0 0-0 12. b4 Rc8 13. Rfc1 Be7 14. Rab1 f5 15. Qb3 Kh8 16. Ne2 Bd6 17. Qa4 a6 18. Nd2 f4 1/2-1/2

[Event "HUN-chT2 Maroczy 0809"]
[Site "Hungary"]
[Date "2008.11.30"]
[Round "3"]
[White "Szabo, Zsolt Jozsef"]
[Black "Csomos, Roland"]
[Result "1-0"]
[WhiteElo "2437"]
[BlackElo "2214"]
[PlyCount "77"]
[EventDate "2008.10.26"]
[EventType "tourn"]
[EventRounds "11"]
[EventCountry "HUN"]
[SourceTitle "EXT 2010"]
[Source "ChessBase"]
[SourceDate "2010.11.25"]
[SourceVersion "1"]
[SourceVersionDate "2010.11.25"]
[SourceQuality "1"]
[WhiteTeam "Vasas"]
[BlackTeam "Gyula"]
[WhiteTeamCountry "HUN"]
[BlackTeamCountry "HUN"]

1. e4 d5 2. exd5 Qxd5 3. Nc3 Qa5 4. d4 Nf6 5. Bc4 c6 6. Nf3 Bg4 7. h3 Bxf3 8. Qxf3 e6 9. 0-0 Nbd7 10. Ne4 Nxe4 11. Qxe4 Nf6 12. Qf3 Bd6 13. c3 0-0 14. Bf4 Bxf4 15. Qxf4 Qf5 16. Qh2 Nd5 17. Rfe1 Qf4 18. g3 Qd6 19. Qg2 Rae8 20. Rad1 b5 21. Bb3 a5 22. a3 Rb8 23. Qf3 Rfe8 24. Re5 f6 25. Re2 Re7 26. Rde1 Rbe8 27. Bc2 e5 28. Qd3 g6 29. c4 bxc4 30. Qxc4 Kg7 31. dxe5 Rxe5 32. Rxe5 Rxe5 33. Rxe5 Qxe5 34. Qxc6 Qxb2 35. Qxd5 Qxc2 36. Qxa5 Qd1+ 37. Kg2 Qe2 38. Qd5 Qa6 39. Qd7+ 1-0

[Event "HUN-chT2 Maroczy 0809"]
[Site "Hungary"]
[Date "2008.10.26"]
[Round "1"]
[White "Csomos, Roland"]
[Black "Fodor, Istvan"]
[Result "0-1"]
[WhiteElo "2214"]
[BlackElo "2281"]
[PlyCount "48"]
[EventDate "2008.10.26"]
[EventType "tourn"]
[EventRounds "11"]
[EventCountry "HUN"]
[SourceTitle "EXT 2010"]
[Source "ChessBase"]
[SourceDate "2010.11.25"]
[SourceVersion "1"]
[SourceVersionDate "2010.11.25"]
[SourceQuality "1"]
[WhiteTeam "Gyula"]
[BlackTeam "Husi"]
[WhiteTeamCountry "HUN"]
[BlackTeamCountry "HUN"]

1. d4 Nf6 2. c4 g6 3. f3 d5 4. cxd5 Nxd5 5. e4 Nb6 6. Be3 Bg7 7. Nc3 Nc6 8. Bb5 0-0 9. Nge2 Na5 10. b4 Nac4 11. Bxc4 Nxc4 12. Bf2 e5 13. d5 f5 14. Qd3 Nd6 15. 0-0-0 Bd7 16. h4 a5 17. Bc5 axb4 18. Bxb4 Ra6 19. Kc2 fxe4 20. fxe4 Rf2 21. Rdf1 Nxe4 22. Nxe4 Rxa2+ 23. Kb3 Rfxe2 24. Nd2 Rb2+ 0-1

[Event "HUN-chT2 Toth 0607"]
[Site "Hungary"]
[Date "2007.03.25"]
[Round "7"]
[White "Vicsai, Gabor"]
[Black "Csomos, Roland"]
[Result "1/2-1/2"]
[WhiteElo "2179"]
[BlackElo "2200"]
[PlyCount "24"]
[EventDate "2006.11.12"]
[EventType "team-tourn"]
[EventRounds "11"]
[EventCountry "HUN"]
[SourceTitle "EXT 2025"]
[Source "ChessBase"]
[SourceDate "2024.10.14"]
[SourceVersion "1"]
[SourceVersionDate "2024.10.14"]
[SourceQuality "1"]
[WhiteTeam "Mako SVSE II"]
[BlackTeam "Gy DSE"]
[WhiteTeamCountry "HUN"]
[BlackTeamCountry "HUN"]

1. d4 d5 2. c4 e6 3. Nc3 c6 4. Nf3 Nf6 5. cxd5 exd5 6. Bg5 Be7 7. Qc2 0-0 8. e3 Nbd7 9. Bd3 Re8 10. 0-0 h6 11. Bh4 Ne4 12. Bxe7 Qxe7 1/2-1/2

[Event "HUN-chT2 Toth 0607"]
[Site "Hungary"]
[Date "2007.02.18"]
[Round "5"]
[White "Csomos, Roland"]
[Black "Revesz, Bela"]
[Result "1-0"]
[WhiteElo "2200"]
[BlackElo "2058"]
[PlyCount "65"]
[EventDate "2006.11.12"]
[EventType "team-tourn"]
[EventRounds "11"]
[EventCountry "HUN"]
[SourceTitle "EXT 2025"]
[Source "ChessBase"]
[SourceDate "2024.10.14"]
[SourceVersion "1"]
[SourceVersionDate "2024.10.14"]
[SourceQuality "1"]
[WhiteTeam "Gy DSE"]
[BlackTeam "Bekes"]
[WhiteTeamCountry "HUN"]
[BlackTeamCountry "HUN"]

1. d4 Nf6 2. c4 g6 3. f3 Bg7 4. e4 d6 5. Nc3 Nc6 6. Be3 a6 7. Qd2 0-0 8. 0-0-0 Re8 9. Nge2 b5 10. c5 dxc5 11. dxc5 Qxd2+ 12. Rxd2 Be6 13. Nf4 Rad8 14. Nxe6 fxe6 15. Nxb5 Rxd2 16. Bxd2 axb5 17. Bxb5 Nd4 18. Bxe8 Nxe8 19. Be3 c6 20. Rd1 e5 21. Rd3 Nc7 22. Ra3 Nce6 23. Ra8+ Kf7 24. b4 Nf4 25. Bxf4 exf4 26. a4 Ke6 27. a5 Nb5 28. Rb8 Be5 29. Rb7 Nc7 30. Kc2 Kd7 31. a6 Kc8 32. Rb6 Kd7 33. a7 1-0

[Event "HUN-chT2 Toth 0506"]
[Site "Hungary"]
[Date "2006.04.09"]
[Round "10"]
[White "Csomos, Roland"]
[Black "Dostan, Janos"]
[Result "1/2-1/2"]
[WhiteElo "2288"]
[BlackElo "2264"]
[PlyCount "41"]
[EventDate "2005.10.16"]
[EventType "team-tourn"]
[EventRounds "11"]
[EventCountry "HUN"]
[SourceTitle "EXT 2009"]
[Source "ChessBase"]
[SourceDate "2008.11.26"]
[SourceVersion "1"]
[SourceVersionDate "2008.11.26"]
[SourceQuality "1"]
[WhiteTeam "GyD"]
[BlackTeam "Oroshaza"]
[WhiteTeamCountry "HUN"]
[BlackTeamCountry "HUN"]

1. d4 Nf6 2. c4 d6 3. Nc3 e5 4. Nf3 Nbd7 5. e4 Be7 6. Be2 0-0 7. 0-0 Re8 8. Re1 a5 9. b3 c6 10. Ba3 Qc7 11. d5 Nc5 12. Bxc5 dxc5 13. Nd2 Rf8 14. Nf1 Ne8 15. Ne3 g6 16. Bg4 f5 17. Bh3 Ng7 18. f3 Bd7 19. Qe2 Rae8 20. Rad1 Bc8 21. Nf1 1/2-1/2